| 000 | 00486nam a2200205Ia 4500 | ||
|---|---|---|---|
| 003 | 0100 | ||
| 008 | 130303s9999 xx 000 0 und d | ||
| 040 | _cARRUPELIB | ||
| 050 | _aBJ21.F4 1952 | ||
| 245 | _aReadings in ethical theory | ||
| 260 | _aNew York | ||
| 260 | _bAppleton-Century-Crofts, | ||
| 260 | _C1952 | ||
| 300 | _ax | ||
| 300 | _b 707p. 26cm. | ||
| 650 | _aETHICS | ||
| 650 | _bSelf-perception | ||
| 700 | _aSellars, Wilfrid, Hospers, John eds. | ||
| 942 | 0 | 0 | _01 |
| 999 |
_c55092 _d55092 |
||